Coupe du Monde 2022 - Liste France - Statistiques

Statistiques générales
  • Ce quiz a été pris 4 371 fois
    4 251 depuis la dernière actualisation
  • Le résultat moyen est 23 sur 26
Statistiques - réponses
Position Team Réponse % Correct
G Tottenham Hugo Lloris
99%
A Atlético Madrid Antoine Griezmann
98%
A Paris Saint-Germain Kylian Mbappé
98%
A AC Milan Olivier Giroud
97%
D Bayern Munich Lucas Hernandez
95%
D AC Milan Théo Hernandez
95%
G West Ham Alphonse Aréola
94%
A FC Barcelone Ousmane Dembélé
94%
M Réal Madrid Aurélien Tchouaméni
93%
M Réal Madrid Édouardo Camavinga
93%
D Bayern Munich Benjamin Pavard
92%
D FC Barcelone Jules Koundé
92%
G Rennes Steve Mandanda
92%
M Juventus Adrien Rabiot
91%
Coach Didier Deschamps
91%
A Eintracht Frankfurt Randal Kolo Muani
91%
A Bayern Munich Kingsley Coman
90%
D Bayern Munich Dayot Upamecano
89%
D Liverpool FC Ibrahima Konaté
89%
D Manchester United Raphaël Varane
89%
A Borussia Mönchengladbach Marcus Thuram
87%
D Arsenal William Saliba
84%
M Olympique de Marseille Mattéo Guendouzi
80%
M Olympique de Marseille Jordan Veretout
78%
M AS Monaco Youssouf Fofana
72%
D AS Monaco Axel Disasi
67%
Aucun quiz correspondant
Distribution des résultats
% des personnes avec chaque résultat
Percentile par nombre de réponses
Votre historique - résultats
Vous n’avez pas pris ce quiz depuis la dernière actualisation